000 00576nam a2200193 4500
999 _c12454
_d12454
008 210202b ||||| |||| 00| 0 eng d
020 _a81-7145-061-X
_cRs.50.00
041 0 _ahin
082 0 0 _a891.43
_bD492
100 _93464
_aDevi, Ashapurna
245 1 0 _aSwarg ki khariddari /
_cby Ashapurna Devi
245 1 0 _aस्वर्ग की खरिदारी /
_cआशापूर्णा देवी
250 _a1st ed.
260 _aDelhi:
_bSanmarg Prakashan,
_c1995.
300 _a80 p.
365 _bINR 50.00
650 0 _aHindi fiction
942 _2ddc
_cBK